Анализ структурных особенностей наноламинированных систем Nb/Zr при радиационном и водородном воздействии: автореферат диссертации на соискание ученой степени кандидата технических наук; спец. 1.3.8

Xehetasun bibliografikoak
Egile nagusia: Ломыгин А. Д. Антон Дмитриевич
Erakunde egilea: Национальный исследовательский Томский политехнический университет (570)
Beste egile batzuk: Лаптев Р. С. Роман Сергеевич (научный руководитель)
Gaia:Заглавие с титульного экрана
Электронная версия печатной публикации
Защита сост. 24.12.2025
На правах рукописи
Текстовый файл
Hizkuntza:errusiera
Argitaratua: Томск, 2025
Gaiak:
Sarrera elektronikoa:https://earchive.tpu.ru/handle/11683/132908
Formatua: Baliabide elektronikoa Liburua
KOHA link:https://koha.lib.tpu.ru/cgi-bin/koha/opac-detail.pl?biblionumber=682610

MARC

LEADER 00000nam0a2200000 4500
001 682610
005 20251101102338.0
090 |a 682610 
100 |a 20251027d2025 k||y0rusy50 ca 
101 0 |a rus 
102 |a RU 
105 |a a dm 001yy 
135 |a drcn ---uucaa 
181 0 |a i   |b  e  
182 0 |a b 
183 0 |a cr  |2 RDAcarrier 
200 1 |a Анализ структурных особенностей наноламинированных систем Nb/Zr при радиационном и водородном воздействии  |e автореферат диссертации на соискание ученой степени кандидата технических наук  |e спец. 1.3.8  |f Ломыгин Антон Дмитриевич  |g науч. рук. Р. С. Лаптев ; Национальный исследовательский Томский политехнический университет 
203 |a Текст  |c электронный  |b визуальный 
210 1 |a Томск  |d 2025 
215 |a 1 файл (2,10 МБ, 24 с.)  |c pdf 
283 |2 RDAcarrier  |a online_resource 
300 |a Заглавие с титульного экрана 
300 |a Электронная версия печатной публикации 
300 |a Защита сост. 24.12.2025 
320 |a Список публикаций по теме диссертации: с. 23-24 (11 назв.) 
333 |a На правах рукописи 
336 |a Текстовый файл 
606 |a Конструкционные материалы  |x Действие ионизирующих излучений  |9 41691 
610 1 |a наноламинированные системы 
610 1 |a ниобий 
610 1 |a цирконий 
610 1 |a дефекты 
610 1 |a примеси 
610 1 |a позитронная аннигиляционная спектроскопия 
610 1 |a ПАС 
610 1 |a структурно-фазовое состояние 
610 1 |a радиационное воздействие 
610 1 |a водородное воздействие 
610 1 |a микроструктура 
610 1 |a термическая стабильность 
610 1 |a радиационная стойкость 
610 1 |a водородная стойкость 
610 1 |a электронный ресурс 
610 1 |a авторефераты диссертаций 
610 1 |a труды учёных ТПУ 
675 |a 621.039.53  |v 4 
686 |2 oksvnk  |a 01.04.07 
700 1 |a Ломыгин  |b А. Д.  |c физик  |c заведующий лабораторией Томского политехнического университета  |f 1997-  |g Антон Дмитриевич  |9 21809 
702 1 |a Лаптев  |b Р. С.  |c физик, специалист в области неразрушающего контроля  |c доцент Томского политехнического университета, доктор технических наук  |f 1987-  |g Роман Сергеевич  |4 727  |9 14396 
712 0 2 |a Национальный исследовательский Томский политехнический университет  |c (2009- )  |4 570  |9 26305 
801 0 |a RU  |b 63413507  |c 20251027  |g RCR 
850 |a 63413507 
856 4 |u https://earchive.tpu.ru/handle/11683/132908  |z https://earchive.tpu.ru/handle/11683/132908 
942 |c CF